Countries Challenge - Statistics

General Stats
  • This quiz has been taken 36 times
  • The average score is 8 of 15
Answer Stats
Picture Answer % Correct
Israel
97%
South Korea
77%
Canada
73%
Jamaica
70%
Kosovo
70%
Pakistan
67%
Spain
67%
Bahrain
60%
Belgium
43%
Colombia
43%
Comoros
33%
United Arab Emirates
33%
Bolivia
27%
Tajikistan
27%
St Kitts and Nevis
10%
No matching quizzes found
Score Distribution
Percent of People with Each Score
Percentile by Number Answered
Your Score History
You have not taken this quiz